Statistics for Arsenal FC Squad 2016-2017

Click here to take the quiz!

General Stats

  • This quiz has been taken 2,712 times
  • The average score is 23 of 30

Answer Stats

Nbr Post Nationality Player % Correct
11MFGermanyMesut Ozil
97%
7FWChileAlexis Sanchez
97%
8MFWalesAaron Ramsey
95%
12FWFranceOlivier Giroud
94%
33GKCzech RepublicPetr Cech
93%
13GKColombiaDavid Ospina
91%
-CoachFranceArsène Wenger
88%
4DFGermanyPer Mertesacker
88%
6DFFranceLaurent Koscielny
88%
14FWEnglandTheo Walcott
88%
29MFSwitzerlandGranit Xhaka
88%
17FWNigeriaAlex Iwobi
87%
19MFSpainSanti Cazorla
85%
24DFSpainHector Bellerin
85%
20DFGermanyShkodran Mustafi
85%
35MFEgyptMohamed Elneny
84%
18DFSpainNacho Monreal
84%
5DFBrazilGabriel Paulista
81%
15MFEnglandAlex Oxlade-Chamberlain
79%
3DFEnglandKieran Gibbs
75%
23FWEnglandDanny Welbeck
75%
9FWSpainLucas Perez
75%
16DFEnglandRob Holding
73%
2DFFranceMathieu Debuchy
72%
34MFFranceFrancis Coquelin
70%
26GKArgentinaEmiliano Martinez
69%
25DFEnglandCarl Jenkinson
46%
22FWFranceYaya Sanogo
42%
31MFFranceJeff Reine-Adelaide
34%
32FWEnglandChuba Akpom
34%

Score Distribution

Percentile by Number Answered

Percent of People with Each Score

Your Score History

You have not taken this quiz